[Event "División de Honor Aragonesa 2019 - Encuentros por tableros Global"]
[Site ""]
[Date "2019.02.09"]
[Round "3.7"]
[White "Cerrajeria Ruiz, Jesus Maria"]
[Black "Fuentes Espuna, Juan Antonio"]
[Result "1-0"]
[WhiteElo "2137"]
[BlackElo "1948"]
[PlyCount "0"]
[WhiteTeam "Helios"]
[BlackTeam "L'Aurora Estadilla"]
[EventDate "2019.01.26"]

1. g3 d5 2. Bg2 Nf6 3. Nf3 Bf5 4. c4 e6 5. Qb3 b6 6. Nc3 c6 7. cxd5 exd5 8. Ne5
Be6 9. d4 Bd6 10. Bf4 O-O 11. Nd3 Re8 12. O-O Bf5 13. Bxd6 Qxd6 14. Ne5 Nbd7
15. e4 Nxe5 16. dxe5 Qxe5 17. exf5 Qxf5 18. Rae1 Ng4 19. Rxe8+ Rxe8 20. Qa4 Re1
21. Nd1 Rxf1+ 22. Bxf1 Qd7 23. Bh3 f5 24. Bxg4 fxg4 25. Ne3 h5 26. Qd4 g6 27.
b4 Kh7 28. b5 c5 29. Qxd5 Qxb5 30. Qf7+ Kh6 31. h4 gxh3 32. Nd5 Qb1+ 33. Kh2
Qf5 34. Qxf5 gxf5 35. a4 c4 36. Kxh3 a6 37. Nc3 Kg6 38. Kh4 Kf6 39. Kxh5 Ke5
40. g4 fxg4 41. Kxg4 Kd4 42. Na2 b5 43. f4 c3 44. f5 Kc4 45. f6 Kb3 46. Nxc3
Kxc3 47. axb5 axb5 48. f7 b4 49. f8=Q b3 50. Kf3 Kd2 51. Qb4+ Kc2 52. Ke2 Kc1
53. Qa4 Kc2 54. Qd4 1-0

[Event "División de Honor Aragonesa 2019 - Encuentros por tableros Global"]
[Site ""]
[Date "2019.02.09"]
[Round "3.8"]
[White "Pellicer Cemeli, Jose Luis"]
[Black "Aparicio Navarro, Pedro"]
[Result "1/2-1/2"]
[WhiteElo "1941"]
[BlackElo "2119"]
[PlyCount "0"]
[WhiteTeam "L'Aurora Estadilla"]
[BlackTeam "Helios"]
[EventDate "2019.01.26"]

1. e4 c5 2. Nc3 Nc6 3. f4 g6 4. Nf3 Bg7 5. g3 d6 6. Bg2 e5 7. d3 Nge7 8. O-O
O-O 9. Be3 Nd4 10. fxe5 dxe5 11. Qd2 f6 12. Rf2 Be6 13. Ne2 Qd7 14. Nexd4 cxd4
15. Bh6 Rac8 16. Bxg7 Kxg7 17. Raf1 Qc7 18. a3 a5 19. h3 a4 20. Qb4 Nc6 21. Qd2
Qb6 22. Qc1 Qc5 23. Kh2 b5 24. h4 h5 25. Bh3 Bxh3 26. Kxh3 Qd6 27. Nd2 Ne7 28.
Qd1 Ng8 29. Nf3 Nh6 30. Nh2 Rc6 31. g4 Qd7 32. Kg3 hxg4 33. Nxg4 Nxg4 34. Qxg4
Qxg4+ 35. Kxg4 Rfc8 36. Rc1 Rb8 37. Ra1 1/2-1/2

[Event "División de Honor Aragonesa 2019 - Encuentros por tableros Global"]
[Site ""]
[Date "2019.02.09"]
[Round "3.9"]
[White "Gutierrez Mingueza, Ruben"]
[Black "Gavin Roche, Enrique"]
[Result "0-1"]
[WhiteElo "2068"]
[BlackElo "2220"]
[PlyCount "0"]
[WhiteTeam "San Jose"]
[BlackTeam "ONCE C.A. Aragon"]
[EventDate "2019.01.26"]

1. d4 d5 2. Nf3 Nf6 3. c4 e6 4. Nc3 Be7 5. Bg5 O-O 6. e3 h6 7. Bxf6 Bxf6 8. Qd2
c5 9. cxd5 cxd4 10. Nxd4 exd5 11. Be2 Nc6 12. O-O Nxd4 13. exd4 Be6 14. Bf3 Rc8
15. Ne2 Qd6 16. Qf4 Qb6 17. h4 Rc2 18. b3 Rfc8 19. Rfd1 Qd8 20. g3 Qa5 21. a3
Qb5 22. Qe3 g5 23. g4 Qd7 24. Kh1 Bxg4 25. Rg1 Bxf3+ 26. Qxf3 Rxe2 27. hxg5
hxg5 28. Rg3 Qe6 29. Qh5 Qe4+ 30. f3 Re1+ 0-1

[Event "División de Honor Aragonesa 2019 - Encuentros por tableros Global"]
[Site ""]
[Date "2019.02.09"]
[Round "3.10"]
[White "Laliena Solanes, Luis"]
[Black "Ferreruela Romero, Jose Joaquin"]
[Result "1/2-1/2"]
[WhiteElo "2177"]
[BlackElo "2033"]
[PlyCount "0"]
[WhiteTeam "ONCE C.A. Aragon"]
[BlackTeam "San Jose"]
[EventDate "2019.01.26"]

1. e4 e6 2. d4 d5 3. Nc3 Nf6 4. Bg5 Be7 5. e5 Nfd7 6.
h4 h6 7. Be3 c5 8. Qg4 g6 9. Nf3 a6 10. dxc5 Nc6 11. Qg3 Bxc5 12. Bxc5 Nxc5 13.
O-O-O Qc7 14. Bd3 Nb4 15. Kb1 Bd7 16. Bxg6 Bb5 17. Qf4 Nxa2 18. Kxa2 fxg6 19.
Qf6 Bc4+ 20. Kb1 Rg8 21. Na4 Nxa4 22. Qxe6+ Kf8 23. Rd4 Qf7 24. Qd6+ Ke8 25.
Qb4 Bb5 26. b3 Nb6 27. Rf4 Qe7 28. Qd4 Qc7 1/2-1/2

[Event "División de Honor Aragonesa 2019 - Encuentros por tableros Global"]
[Site ""]
[Date "2019.02.09"]
[Round "3.11"]
[White "Palomar Ramon, Santiago"]
[Black "Cobo Garrido, Diego Israel"]
[Result "0-1"]
[WhiteElo "1946"]
[BlackElo "2084"]
[PlyCount "0"]
[WhiteTeam "San Jose"]
[BlackTeam "ONCE C.A. Aragon"]
[EventDate "2019.01.26"]

1. e4 c5 2. d4 cxd4 3. c3 dxc3 4. Nxc3 Nc6 5. Nf3 e6 6. Bc4 a6 7. Qe2 d6 8. O-O
b5 9. Bb3 Ra7 10. Rd1 Rd7 11. Ng5 Nf6 12. f4 h6 13. Nh3 Be7 14. e5 dxe5 15.
Rxd7 Qxd7 16. Be3 Nd4 17. Bxd4 exd4 18. Rd1 Qa7 19. Nxb5 d3+ 20. Nxa7 dxe2 21.
Nf2 exd1=Q+ 22. Nxd1 Bc5+ 0-1

[Event "División de Honor Aragonesa 2019 - Encuentros por tableros Global"]
[Site ""]
[Date "2019.02.09"]
[Round "3.12"]
[White "Fuertes Garay, Javier"]
[Black "Urgel Varela, Fernando"]
[Result "1-0"]
[WhiteElo "2005"]
[BlackElo "1832"]
[PlyCount "0"]
[WhiteTeam "ONCE C.A. Aragon"]
[BlackTeam "San Jose"]
[EventDate "2019.01.26"]

1. e4 c5 2. Nf3 e6 3. d4 cxd4 4. Nxd4 a6 5. c4 Nc6 6. Nc3 Bb4 7. Nc2 Be7 8. Bd3
Nf6 9. O-O d5 10. exd5 exd5 11. cxd5 Nxd5 12. Nxd5 Qxd5 13. Qe2 Be6 14. Rd1 Rd8
15. Bf4 Qc5 16. b4 Nxb4 17. Nxb4 Qxb4 18. Be5 O-O 19. Rab1 Bg4 20. f3 Qc5+ 21.
Kh1 Bc8 22. Rdc1 Qd5 23. Bc4 Qd2 24. Qe4 Ba3 25. Re1 Rfe8 26. h3 b5 27. Bb3 Qg5
28. Bc2 g6 29. f4 Qh4 30. Red1 Rxd1+ 31. Rxd1 Qf2 32. Qc6 Rxe5 33. Qxc8+ Kg7
34. fxe5 Bc5 35. Bb3 Be3 36. e6 fxe6 37. Qxe6 Bf4 38. Qe7+ Kh6 39. Qe1 1-0

[Event "División de Honor Aragonesa 2019 - Encuentros por tableros Global"]
[Site ""]
[Date "2019.02.09"]
[Round "3.15"]
[White "Ramiro Ovejero, Juan Luis"]
[Black "Martin Catalan, Juan Vicente"]
[Result "1-0"]
[WhiteElo "2358"]
[BlackElo "2028"]
[PlyCount "0"]
[WhiteTeam "Jaime Casas"]
[BlackTeam "Teruel"]
[EventDate "2019.01.26"]

1. e4 c5 2. Nf3 g6 3. d4 cxd4 4. Qxd4 Nf6 5. e5 Nc6 6. Qa4 Nd5 7. Qe4 Nb6 8.
Nc3 d5 9. exd6 Bf5 10. Qh4 Bg7 11. Bb5 O-O 12. Bxc6 bxc6 13. dxe7 Re8 14. O-O
Qxe7 15. Bg5 Qc5 16. Bf6 Bxf6 17. Qxf6 Nd5 18. Nxd5 Qxd5 19. Rfd1 Qa5 20. c3
Re6 21. Qh4 h5 22. Nd4 Re4 23. Qf6 Bd7 24. Nb3 Qf5 25. Qxf5 Bxf5 26. Nd4 Bd7
27. f3 Re7 28. Re1 Rae8 29. Kf2 c5 30. Nb3 c4 31. Nd4 Rxe1 32. Rxe1 Rb8 33. b4
cxb3 34. axb3 Kf8 35. Re5 Rb6 36. Ra5 a6 37. Ke3 h4 38. c4 h3 39. g3 Ke7 40. f4
Bc8 41. Rc5 Bd7 42. Rc7 Kd8 43. Ra7 Ke8 44. c5 Rf6 45. Ke4 g5 46. Ke5 gxf4 47.
Kxf6 fxg3 48. hxg3 Bc8 49. Re7+ 1-0

[Event "División de Honor Aragonesa 2019 - Encuentros por tableros Global"]
[Site ""]
[Date "2019.02.09"]
[Round "3.16"]
[White "Arpa Pardos, Emilio"]
[Black "Gines Esteo, Pedro Antonio"]
[Result "0-1"]
[WhiteElo "1900"]
[BlackElo "2318"]
[PlyCount "0"]
[WhiteTeam "Teruel"]
[BlackTeam "Jaime Casas"]
[EventDate "2019.01.26"]

1. e4 c6 2. Nf3 d5 3. Nc3 Bg4 4. h3 Bxf3 5. Qxf3 e6 6. exd5 cxd5 7. Bb5+ Nc6 8.
O-O Nf6 9. d4 Be7 10. Bxc6+ bxc6 11. Bg5 O-O 12. Rfd1 Rb8 13. Rab1 Qa5 14. a3
Rb7 15. b4 Qa6 16. Bxf6 Bxf6 17. Qd3 Qxd3 18. Rxd3 a5 19. bxa5 Rxb1+ 20. Nxb1
Ra8 21. Nd2 Rxa5 22. Nf3 c5 23. dxc5 Rxc5 24. a4 Rxc2 25. Ra3 Be7 26. Ra1 Bc5
27. Ne1 Rxf2 28. Nd3 Ra2+ 29. Nxc5 Rxa1+ 30. Kf2 Kf8 31. Ke2 Ke7 0-1

[Event "División de Honor Aragonesa 2019 - Encuentros por tableros Global"]
[Site ""]
[Date "2019.02.09"]
[Round "3.17"]
[White "Baron Rodriguez, Jesus"]
[Black "Romero Pallares, Daniel"]
[Result "1/2-1/2"]
[WhiteElo "2416"]
[BlackElo "2190"]
[PlyCount "0"]
[WhiteTeam "Ibercaja"]
[BlackTeam "Palacio de Pioneros A"]
[EventDate "2019.01.26"]

1. e4 g6 2. Nc3 Bg7 3. d4 d6 4. Be3 a6 5. Bd3 Nd7 6. Nf3 b5 7. Qd2 Bb7 8. a4 b4
9. Ne2 Ngf6 10. Ng3 c5 11. c3 bxc3 12. bxc3 Ng4 13. O-O Nxe3 14. fxe3 O-O 15.
Rfb1 Qc7 16. Qe2 e6 17. Nf1 c4 18. Bc2 a5 19. N1d2 Ba6 20. h3 Rae8 21. Qf2 f5
22. Qh4 Nf6 23. Rf1 Bb7 24. Rae1 d5 25. e5 Ne4 26. Nxe4 dxe4 27. Nd2 Rb8 28.
Rb1 Bd5 29. Kf2 Rfd8 30. Ke2 Rxb1 31. Rxb1 Rb8 32. Qe1 Bf8 33. Rb5 Rxb5 34.
axb5 Qb6 35. Ba4 Be7 36. Kf2 Kf7 37. g3 Qc7 38. Qb1 Qb6 39. Qa2 Qc7 40. Bd1 Bd8
41. Be2 h5 42. h4 g5 43. hxg5 Bxg5 44. Bxc4 Bxc4 45. Qxc4 Qd8 46. Qc6 h4 47.
gxh4 Bxh4+ 48. Ke2 Qg5 49. Qd7+ Kf8 50. Kd1 Qg1+ 51. Kc2 Qxe3 52. Qxe6 Qd3+ 53.
Kc1 e3 54. Qh6+ Kg8 55. Qg6+ Kf8 56. Qh6+ Kg8 57. Qg6+ Kf8 58. Qh6+ Kg8 59.
Qg6+ 1/2-1/2

[Event "División de Honor Aragonesa 2019 - Encuentros por tableros Global"]
[Site ""]
[Date "2019.02.09"]
[Round "3.18"]
[White "Palacios Herrero, Pablo"]
[Black "Lopez Gracia, Fernando"]
[Result "1/2-1/2"]
[WhiteElo "2173"]
[BlackElo "2293"]
[PlyCount "0"]
[WhiteTeam "Palacio de Pioneros A"]
[BlackTeam "Ibercaja"]
[EventDate "2019.01.26"]

1. e4 c5 2. Nf3 e6 3. d4 cxd4 4. Nxd4 Nf6 5. Nc3 Nc6 6. Ndb5 Bc5 7. Nd6+ Ke7 8.
Bf4 e5 9. Nf5+ Kf8 10. Bg5 Bb4 11. a3 Bxc3+ 12. bxc3 d5 13. Bxf6 Qxf6 14. Qxd5
Bxf5 15. exf5 Rd8 16. Qc5+ Kg8 17. Bb5 h5 18. O-O Kh7 19. a4 a6 20. Bd3 Rhe8
21. Rfe1 Rc8 22. Qb6 e4 23. Bxe4 Qxc3 24. Qe3 Qxe3 25. Rxe3 Na5 26. Bd3 Rxe3
27. fxe3 Kh6 28. h4 f6 29. Rb1 Rc7 30. Kf2 Nc6 31. Be4 Ne5 32. Bd3 Rc5 33. e4
Ra5 34. Rxb7 Rxa4 35. Ke3 a5 36. Ra7 Ra1 37. Bb5 Rc1 38. Ra8 Kh7 39. Rxa5 Rxc2
40. Be2 Rc3+ 41. Kf2 Rc2 42. Ra3 Rb2 43. Ke3 Kh6 44. Rc3 Ng4+ 45. Bxg4 hxg4 46.
g3 g5 47. fxg6 Kxg6 48. Kf4 Rb4 49. Rc6 Kh5 50. Re6 Rb3 51. Rxf6 Rf3+ 52. Ke5
Rxg3 53. Ke6 Re3 54. e5 g3 55. Rf8 Kxh4 56. Rg8 Kh3 57. Kd6 g2 58. Rxg2 Kxg2
59. e6 Kg3 60. e7 Kf4 61. Kd7 1/2-1/2

[Event "División de Honor Aragonesa 2019 - Encuentros por tableros Global"]
[Site ""]
[Date "2019.02.09"]
[Round "3.19"]
[White "Moreno Gracia, Daniel"]
[Black "Baquedano Coarasa, Pablo"]
[Result "1-0"]
[WhiteElo "2289"]
[BlackElo "2169"]
[PlyCount "0"]
[WhiteTeam "Ibercaja"]
[BlackTeam "Palacio de Pioneros A"]
[EventDate "2019.01.26"]


1. c4 e5 2. Nc3 Nc6 3. g3 f5 4. Bg2 Nf6 5. d3 Bc5 6. Nf3 d6 7. O-O O-O 8. e3
Bb6 9. d4 Qe8 10. a3 a5 11. Nd5 Nxd5 12. cxd5 Nd8 13. dxe5 dxe5 14. Nd2 Nf7 15.
Nc4 Bc5 16. Qc2 e4 17. Bd2 a4 18. Rfc1 Qd7 19. Bb4 Bxb4 20. axb4 Qxd5 21. Rxa4
Rxa4 22. Qxa4 b5 23. Qa5 Be6 24. Na3 Qd2 25. Qxc7 Qxb4 26. Qc3 Qxc3 27. bxc3
Rb8 28. Bf1 Nd6 29. Rb1 Rc8 30. Rd1 Nc4 31. Nxb5 Kf8 32. Rd4 Ne5 33. Kg2 Ke7
34. Be2 Rc5 35. Ra4 Nd3 36. Ra7+ Bd7 37. Nd4 g6 38. Ra3 Ne5 39. h4 Be8 40. Kf1
Bf7 41. Ke1 Bc4 42. Bxc4 Rxc4 43. Ra7+ Kf6 44. Kd2 Nd3 45. f4 h5 46. Ra6+ Kf7
47. Ne6 Rc8 48. Ng5+ Kg7 49. Ra7+ Kg8 50. Nf7 Rb8 51. c4 Rb2+ 52. Kc3 Rg2 53.
Kd4 Rxg3 54. Ng5 Rg1 55. c5 Nb4 56. Ra8+ Kg7 57. Ke5 Nd3+ 58. Kd6 Rd1 59. Ne6+
Kh7 60. Ke7 Nxc5 61. Nxc5 Rc1 62. Ne6 Rb1 63. Kf6 Rb7 64. Ng5+ 1-0

[Event "División de Honor Aragonesa 2019 - Encuentros por tableros Global"]
[Site ""]
[Date "2019.02.09"]
[Round "3.20"]
[White "Dan, Teodor"]
[Black "Torcal Miguel, Oscar"]
[Result "1-0"]
[WhiteElo "2064"]
[BlackElo "2084"]
[PlyCount "0"]
[WhiteTeam "Palacio de Pioneros A"]
[BlackTeam "Ibercaja"]
[EventDate "2019.01.26"]

1. d4 Nf6 2. c4 e6 3. Nc3 Bb4 4. Qc2 b6 5. a3 Bxc3+ 6. Qxc3 Bb7 7. Bg5 h6 8.
Bh4 g5 9. Bg3 O-O 10. f3 Nh5 11. Bf2 f5 12. g3 Qf6 13. Bg2 d6 14. h3 c5 15. e3
cxd4 16. exd4 e5 17. d5 Nd7 18. Ne2 Rac8 19. Qb3 Nc5 20. Qc2 b5 21. cxb5 Ne4
22. Qb3 Nxf2 23. Kxf2 e4 24. Rhe1 Qe5 25. fxe4 fxe4+ 26. Kg1 Bxd5 27. Qe3 Bc4
28. Qxe4 Qxe4 29. Bxe4 Rce8 30. Nc3 Nxg3 31. Bc6 Ne2+ 32. Nxe2 Rxe2 33. Bd5+
Bxd5 34. Rxe2 Bf3 35. Re7 h5 36. Rxa7 g4 37. Kh2 Re8 38. hxg4 hxg4 39. Rc1 d5
40. Rd7 d4 41. Kg3 1-0

[Event "División de Honor Aragonesa 2019 - Encuentros por tableros Global"]
[Site ""]
[Date "2019.02.09"]
[Round "3.21"]
[White "Lana Rodriguez, David"]
[Black "Garcia Vicente, Nieves"]
[Result "1-0"]
[WhiteElo "2334"]
[BlackElo "2189"]
[PlyCount "0"]
[WhiteTeam "Agrupacion"]
[BlackTeam "Enroque"]
[EventDate "2019.01.26"]

1. e4 e5 2. Nf3 Nc6 3. Bb5 Nf6 4. d3 Bc5 5. c3 O-O 6. Bxc6 bxc6 7. Nxe5 d5 8.
d4 Bb6 9. exd5 cxd5 10. O-O Ne4 11. Nd2 f6 12. Nxe4 fxe5 13. Ng3 exd4 14. cxd4
Qf6 15. Be3 Ba6 16. Ne2 Rae8 17. Re1 c6 18. Nc3 Bc7 19. Rc1 Bxh2+ 20. Kxh2 Qh4+
21. Kg1 Rxe3 22. Qd2 Rd3 23. Qe2 Qxd4 24. Qe6+ Kh8 25. Qf7 Qf6 26. Qxf6 gxf6
27. Re7 Rd2 28. Rxa7 Bd3 29. Na4 Rg8 30. Nc5 Bf5 31. b4 Re8 32. Nb3 Rb2 33.
Rxc6 Re1+ 34. Kh2 Re8 35. Rxf6 Bb1 36. b5 Bxa2 37. Nd4 Bb1 38. g4 Rg8 39. Kg3
Rb4 40. Rf4 Be4 41. Nf5 Rxb5 42. Nd6 Rb3+ 43. f3 Bg6 44. Nf7+ Kg7 45. Ne5+ Kh8
46. Rd7 Rb5 47. Nf7+ Bxf7 48. Rfxf7 Rgb8 49. Rxh7+ Kg8 50. Rh5 1-0

[Event "División de Honor Aragonesa 2019 - Encuentros por tableros Global"]
[Site ""]
[Date "2019.02.09"]
[Round "3.22"]
[White "Escuer Sanchez, Nestor"]
[Black "Ramon Perez, Jose Luis"]
[Result "1-0"]
[WhiteElo "2070"]
[BlackElo "2246"]
[PlyCount "0"]
[WhiteTeam "Enroque"]
[BlackTeam "Agrupacion"]
[EventDate "2019.01.26"]

1. Nf3 e6 2. g3 f5 3. Bg2 Nf6 4. c4 d5 5. d4 c6 6. cxd5 exd5 7. O-O Bd6 8. Ne5
O-O 9. Nd3 Qb6 10. e3 Be6 11. Nc3 Nbd7 12. Na4 Qc7 13. Nac5 Bf7 14. b3 Rac8 15.
Bb2 Rfe8 16. Rc1 Nf8 17. Ne5 Ng6 18. Nxf7 Qxf7 19. b4 h5 20. h4 Ng4 21. Qf3 Rc7
22. Nd3 Rce7 23. Rfe1 Re4 24. b5 cxb5 25. Qd1 Qf6 26. Bxe4 fxe4 27. Nf4 Bxf4
28. exf4 Nxh4 29. Qb3 Nf3+ 30. Kg2 Nxe1+ 31. Rxe1 Qe6 32. Bc1 Rc8 33. Be3 h4
34. gxh4 Nf6 35. Rg1 b4 36. Kf1 Qh3+ 37. Ke1 a5 38. Qa4 Qh2 39. Kf1 Qxh4 40.
Qxa5 Qh5 41. Qb6 Qf5 42. Qxb4 Qd7 43. Qb6 Rc6 44. Qb3 b5 45. Qa3 Qb7 46. Qa5
Rc8 47. Rg3 Ra8 48. Qd2 b4 49. f5 Qd7 50. Qxb4 Rxa2 51. Qb8+ Qe8 52. Qd6 Qh5
53. Kg2 Ra1 54. Qd8+ Kf7 55. Qc7+ Ke8 56. Qc8+ Ke7 57. Rxg7+ Kd6 58. Qe6# 1-0

[Event "División de Honor Aragonesa 2019 - Encuentros por tableros Global"]
[Site ""]
[Date "2019.02.09"]
[Round "3.23"]
[White "Lacruz Algarate, Alvaro"]
[Black "Andreu Sin, Raul"]
[Result "1/2-1/2"]
[WhiteElo "2144"]
[BlackElo "2042"]
[PlyCount "0"]
[WhiteTeam "Agrupacion"]
[BlackTeam "Enroque"]
[EventDate "2019.01.26"]

1. e4 e5 2. Nf3 Nc6 3. Bc4 Nf6 4. d3 Be7 5. Nbd2 d6 6. c3 O-O 7. O-O a6 8. Bb3
Na5 9. Bc2 c5 10. h3 b5 11. Re1 Nc6 12. d4 Qc7 13. Bb1 Bd7 14. Nf1 b4 15. Ne3
Rfb8 16. d5 Na5 17. Nh4 g6 18. Nf3 bxc3 19. bxc3 Bb5 20. Bc2 Nc4 21. Nxc4 Bxc4
22. Bd3 Bxd3 23. Qxd3 Rb6 24. Nd2 Nh5 25. Nc4 Rb7 26. Be3 Ng7 27. Rab1 Rab8 28.
Qc2 f5 29. f3 fxe4 30. fxe4 Rxb1 31. Rxb1 Rxb1+ 32. Qxb1 Bd8 33. Qb3 Nh5 34.
Qa4 Nf6 35. Bg5 Qb8 36. Qb3 Qc7 37. Bxf6 Bxf6 38. Qb6 Qxb6 39. Nxb6 Bd8 40. Nc8
Bc7 41. c4 Kf7 42. Kf2 Ke8 43. Kf3 Kd7 44. Na7 Bd8 45. Nc6 Bf6 46. Kg4 Kc7 47.
h4 h5+ 48. Kh3 Kd7 49. g4 Kc7 50. Kg3 Kd7 51. Nb8+ Kc7 52. Nc6 Kd7 53. Na5 Bd8
54. Nb3 Ke8 55. Kh3 Kf7 56. gxh5 gxh5 57. a4 Kg6 58. Nc1 Ba5 59. Ne2 Be1 60.
Ng1 Ba5 61. Nf3 Bd8 62. Nd2 Be7 63. Nf1 Bf8 64. Ng3 Kh6 65. Kg2 Kg6 66. Kf3 Kh6
67. Nf5+ Kg6 68. Kg2 Kh7 1/2-1/2

[Event "División de Honor Aragonesa 2019 - Encuentros por tableros Global"]
[Site ""]
[Date "2019.02.09"]
[Round "3.24"]
[White "Campo Pelegrin, Ramon"]
[Black "Moreno Martin-Viveros, Alvaro"]
[Result "0-1"]
[WhiteElo "1795"]
[BlackElo "2082"]
[PlyCount "0"]
[WhiteTeam "Enroque"]
[BlackTeam "Agrupacion"]
[EventDate "2019.01.26"]

1. e4 e5 2. Nf3 Nc6 3. Bb5 Nd4 4. Nxd4 exd4 5. d3 c6 6. Bc4 Nf6 7. O-O d5 8.
Bb3 Be7 9. Nd2 O-O 10. f4 dxe4 11. Nxe4 Nxe4 12. dxe4 b6 13. Bd2 Bc5 14. Kh1
Qe7 15. Qf3 a5 16. a4 Be6 17. Rfe1 Rad8 18. Bxe6 Qxe6 19. b3 d3 20. c4 Qd7 21.
Rad1 Qd4 22. f5 Qb2 23. f6 g6 24. Bh6 Rfe8 25. Qf4 Qxb3 {ILEGIBLE} 0-1

[Event "División de Honor Aragonesa 2019 - Encuentros por tableros Global"]
[Site ""]
[Date "2019.02.09"]
[Round "3.25"]
[White "Adla, Diego"]
[Black "Llanes Luno, Ricardo"]
[Result "1-0"]
[WhiteElo "2441"]
[BlackElo "2201"]
[PlyCount "0"]
[WhiteTeam "St. Casablanca"]
[BlackTeam "Delicias"]
[EventDate "2019.01.26"]

1. c4 e5 2. Nc3 Nf6 3. Nf3 Nc6 4. g3 Bc5 5. Bg2 O-O 6. O-O d6 7. e3 a6 8. d4
Ba7 9. h3 h6 10. b3 Re8 11. dxe5 dxe5 12. Qxd8 Rxd8 13. Ba3 Rd3 14. Na4 e4 15.
Ne1 Rd2 16. Bc1 Rd8 17. Bb2 Bf5 18. Bxf6 gxf6 19. Nc3 Ne7 20. g4 Bg6 21. Bxe4
c6 22. Ng2 f5 23. gxf5 Bxf5 24. Bxf5 Nxf5 25. Rfd1 Kg7 26. Kf1 Kf6 27. Ke2 Rg8
28. Kf3 Rg7 29. Rd7 Rag8 30. Nf4 Ke5 31. c5 f6 32. Rad1 Rxd7 33. Rxd7 Rg7 34.
Rd8 b6 35. Re8+ Ne7 36. Ra8 Nd5 37. Nfxd5 cxd5 38. Re8+ Kf5 39. c6 1-0

[Event "División de Honor Aragonesa 2019 - Encuentros por tableros Global"]
[Site ""]
[Date "2019.02.09"]
[Round "3.26"]
[White "Neila Castillo, Miguel Angel"]
[Black "Glavina, Pablo"]
[Result "0-1"]
[WhiteElo "2116"]
[BlackElo "2397"]
[PlyCount "0"]
[WhiteTeam "Delicias"]
[BlackTeam "St. Casablanca"]
[EventDate "2019.01.26"]

1. f4 e5 2. fxe5 d6 3. exd6 Bxd6 4. Nf3 Nf6 5. d4 Bf5 6. g3 O-O 7. Bg2 c5 8.
dxc5 Bxc5 9. Qxd8 Rxd8 10. c3 Nc6 11. Bg5 Ng4 12. Nbd2 Re8 13. Nb3 Bf2+ 14. Kf1
Be3 15. h3 Nf6 16. Bxf6 gxf6 17. Nh4 Bc2 18. Bf3 Rad8 19. Ng2 Bb6 20. Ne1 Bd1
21. Nd3 Rxd3 22. exd3 Bxf3 23. Rh2 a5 24. d4 Bc7 25. Rf2 Bd5 26. Rxf6 Re3 27.
g4 Rxh3 28. Rd1 Ne7 29. Nd2 Kg7 30. g5 Be6 31. c4 Bg4 32. Re1 Nf5 33. d5 Rh1+
0-1

[Event "División de Honor Aragonesa 2019 - Encuentros por tableros Global"]
[Site ""]
[Date "2019.02.09"]
[Round "3.27"]
[White "Quintin Navarro, Alberto"]
[Black "Llanes Luno, Pedro Alfredo"]
[Result "1-0"]
[WhiteElo "2391"]
[BlackElo "2011"]
[PlyCount "0"]
[WhiteTeam "St. Casablanca"]
[BlackTeam "Delicias"]
[EventDate "2019.01.26"]

1. e4 c5 2. Nf3 d6 3. Bb5+ Nd7 4. O-O a6 5. Bd3 Ne5 6. Nxe5 dxe5 7. Bc4 Nf6 8.
d3 Bg4 9. Qe1 e6 10. a4 Nd7 11. f4 exf4 12. Bxf4 Nb6 13. Nd2 Bh5 14. Qg3 Rc8
15. a5 Nd7 16. Bg5 Qc7 17. Qh3 Bg6 18. Bxe6 Bd6 19. Nc4 Rb8 20. Bxd7+ Qxd7 21.
Qxd7+ Kxd7 22. Nxd6 1-0

[Event "División de Honor Aragonesa 2019 - Encuentros por tableros Global"]
[Site ""]
[Date "2019.02.09"]
[Round "3.28"]
[White "Fabre Perez, Jose Maria"]
[Black "Arjol Lopez, Daniel"]
[Result "1-0"]
[WhiteElo "1994"]
[BlackElo "2167"]
[PlyCount "0"]
[WhiteTeam "Delicias"]
[BlackTeam "St. Casablanca"]
[EventDate "2019.01.26"]

1. e4 c5 2. Nf3 g6 3. d4 cxd4 4. Nxd4 Bg7 5. Nc3 Nc6 6. Be3 Nf6 7. Bc4 Qa5 8.
O-O O-O 9. Bb3 d6 10. h3 Re8 11. Re1 Bd7 12. Nf3 Ne5 13. Nxe5 dxe5 14. Bg5 Bc6
15. Nd5 Rad8 16. Bd2 Qc5 17. Bb4 Qd4 18. Nxe7+ Kh8 19. Nxc6 bxc6 20. Qxd4 exd4
21. Bxf7 Rxe4 22. Rxe4 Nxe4 23. Re1 Nf6 24. Bc5 Bf8 25. Be7 Bxe7 26. Rxe7 Rd7
27. Rxd7 Nxd7 28. Kf1 Kg7 29. Be6 Nb6 30. Ke2 Kf6 31. Bg8 c5 32. Kd3 a5 33. c3
dxc3 34. Kxc3 h5 35. b3 h4 36. Kd3 Ke5 37. Ke3 g5 38. Kf3 Nd7 39. Ke3 Nf6 40.
Bf7 Ne4 41. Bc4 Nc3 42. a4 Ne4 43. Bd3 Nf6 44. g3 g4 45. f4+ Kd5 46. hxg4 h3
47. Be2 h2 48. Bf3+ Kd6 49. Kf2 Nxg4+ 50. Kg2 Ne3+ 51. Kxh2 c4 52. bxc4 Nxc4
53. Be2 Nb2 54. Bb5 Nd1 55. Bd3 Ke6 56. g4 Nf2 57. Bc4+ Kf6 58. Kg3 Ne4+ 59.
Kh4 Nc5 60. Bb5 Kg6 61. Bc6 Kh6 62. g5+ Kg7 63. Kg4 Nd3 64. Bb5 Nb4 65. f5 Nd5
66. Bd3 Nb4 67. f6+ Kf7 68. Be4 Na6 69. Kf5 Nc7 70. g6+ Kg8 71. g7 Ne6 72. Bd5
1-0

[Event "División de Honor Aragonesa 2019 - Encuentros por tableros Global"]
[Site ""]
[Date "2019.02.09"]
[Round "3.30"]
[White "Sacristan Latorre, Alberto"]
[Black "Salamero Pelay, Fernando"]
[Result "1-0"]
[WhiteElo "2080"]
[BlackElo "2099"]
[PlyCount "0"]
[WhiteTeam "Palacio de Pioneros B"]
[BlackTeam "Atletismo Huesca"]
[EventDate "2019.01.26"]

1. e4 d5 2. exd5 Nf6 3. d4 Bg4 4. Nf3 Qxd5 5. Be2 Nc6 6. O-O O-O-O 7. c4 Qh5 8.
Qa4 Nxd4 9. Nxd4 Rxd4 10. f3 Qc5 11. Be3 Bd7 12. Qb3 e5 13. Kh1 Nh5 14. Bxd4
Qxd4 15. Qc3 Qh4 16. Qe1 Qg5 17. Nc3 f5 18. Rd1 Bc6 19. Bd3 f4 20. Ne2 Bc5 21.
Be4 Bxe4 22. fxe4 Nf6 23. Ng1 Qg6 24. Nh3 Nxe4 25. Qe2 Re8 26. Qd3 Qc6 27. a3
g5 28. b4 Bd4 29. b5 Qg6 30. Rfe1 g4 31. Qxe4 Qxe4 32. Rxe4 gxh3 33. Rdxd4
hxg2+ 34. Kg1 1-0

[Event "División de Honor Aragonesa 2019 - Encuentros por tableros Global"]
[Site ""]
[Date "2019.02.09"]
[Round "3.31"]
[White "Luis Vitalla, Fernando"]
[Black "Castillo Sanjuan, Alejandro"]
[Result "1/2-1/2"]
[WhiteElo "2113"]
[BlackElo "2079"]
[PlyCount "0"]
[WhiteTeam "Atletismo Huesca"]
[BlackTeam "Palacio de Pioneros B"]
[EventDate "2019.01.26"]

1. g3 d5 2. Nf3 Nf6 3. Bg2 e6 4. O-O Be7 5. d3 O-O 6. Nbd2 c5 7. e4 Nc6 8. Re1
b6 9. e5 Nd7 10. Nf1 Qc7 11. Qe2 Bb7 12. h4 Rfd8 13. Bf4 c4 14. d4 c3 15. bxc3
Na5 16. Qd3 Rac8 17. Bd2 Nc4 18. Bg5 Bxg5 19. Nxg5 Nf8 20. Rab1 Na5 21. Re3 Qc4
22. Qxc4 Rxc4 23. Nd2 Ra4 24. Rb2 Rc8 25. Bf1 Nc4 26. Nxc4 dxc4 27. Bg2 Bxg2
28. Kxg2 Ng6 29. Rf3 Rc7 30. h5 Nf8 31. Ne4 Nd7 32. Nd6 Nb8 33. Kf1 Nc6 34. Ke2
Rd7 35. Ne4 Rd5 36. g4 h6 37. Rf4 Rda5 38. Nd6 Nd8 39. Kd2 Kf8 40. Rb4 b5 41.
Rxb5 Rxb5 42. Nxb5 Rxa2 43. Nd6 Ra4 44. Kc1 Ke7 45. Kb2 f6 46. exf6+ gxf6 47.
Ne4 f5 48. gxf5 Ra5 49. f6+ Kf8 50. Nc5 Kf7 51. Kc1 Rb5 52. Ne4 Nb7 53. Rg4 a5
54. Rg7+ Kf8 55. Rc7 Nd8 56. Rxc4 Rxh5 57. Rc8 Rd5 58. Rc5 Rxc5 59. Nxc5 Kf7
60. Ne4 Kg6 61. c4 h5 62. Ng3 h4 63. Ne4 Kf5 64. f3 h3 65. c5 h2 66. Nf2 Kg6
67. c4 Kf7 68. d5 exd5 69. cxd5 Ke8 70. Kb2 Nf7 71. f4 Nh6 72. Ka3 Ng4 73. Nh1
Nxf6 74. Ka4 1/2-1/2